| 000 | 00352nam a22001337a 4500 | ||
|---|---|---|---|
| 020 | _a9789693513042 | ||
| 040 | _cnust | ||
| 082 |
_a891.4393 _bPRE |
||
| 100 |
_aChand Prem Munshi _9122941 |
||
| 245 | _aMunshi Prem Chand | ||
| 260 |
_aLahore: _bSang-E-Meel publisher, _c2014. |
||
| 650 |
_aGoosebumps The Beast From The East _9122940 |
||
| 942 |
_2ddc _cBK |
||
| 999 |
_c609312 _d609312 |
||